| 000 | 00655nam a2200193 a 4500 | ||
|---|---|---|---|
| 001 | 000006702 | ||
| 005 | 20200929153958.0 | ||
| 008 | 090902s199u dr 000 0 spa d | ||
| 040 |
_aDO-SdBNP _bspa _cBNPHU |
||
| 082 |
_axxxx _bO78d |
||
| 100 | 1 |
_aOrtíz, Víctor Raúl _918663 |
|
| 245 | 1 | 0 |
_aDesarrollo de la conciencia moral en los jóvenes / _cVíctor Raúl Ortíz. |
| 260 |
_aSanto Domingo : _bAmigo del Hogar, _c199? |
||
| 300 |
_a244 p. : _bretr. ; _c24 cm. |
||
| 500 | _aIncluye datos biográficos del autor en la contracubierta | ||
| 500 | _aIncluye notas al pie de la páginas | ||
| 504 | _aIncluye bibliografías (p. 227-229) | ||
| 049 | _aBNPHU | ||
| 999 |
_c6491 _d6491 |
||